000 00954nam a22002537a 4500
005 20220326100708.0
008 220326b ||||| |||| 00| 0 eng d
020 _a812071217x
040 _cAloy
041 _aeng
082 _223
_a954.96
_bSHAT
100 _aRishikesh Shaha
_926057
245 _aThree decades and two kings1960-1990:
_bElclipse of Nepals partyless monarchic rule
260 _aNew Delhi
_bSterling Publishing Pvt Ltd
_c1990
300 _av,128 p.
_bHB
_c22x14 cm.
365 _2History
_b150.00
_c
_d150.00
520 _aObjective account of political and economic performance under Mahendra Bir Bikram Shaha Deva, Maharajadhiraja of Nepal, 1920-1972 and Birendra Bir Bikram Shah Dev, King of Nepal, b. 1945.
650 _aNepal
_926058
650 _aEconomic Histroy
_926059
650 _aNepal India Relations
_926060
650 _aHistorical Developments
_926061
700 _aSHAHA (Rishikesh)
_926062
942 _2ddc
_cGF
999 _c222036
_d222036